Physics Laws and Equations match - Statistics

General Stats
  • This quiz has been taken 49 times
  • The average score is 5 of 11
Answer Stats
Hint Answer % Correct
F=kx Hooke's Law
81%
V=IR Ohm's Law
74%
F=∆p/∆t=(∆(mv))/∆t=ma Newton's 2nd Law
60%
∑F=0 ⇔ dv/dt=0 Newton's 1st Law
55%
F=GMm/r^2 Newton's Law of Universal Gravitation
51%
ε∝(∆(NΦ))/∆t Faraday's Law of Electromagnetic Induction
38%
T^2=(4π^2 r^3)/GM Kepler's 3rd Law of Planetary Motion
34%
F=Qq/(4πε_0 r^2) Coulomb's Inverse-Square Law
26%
ε=-(∆(NΦ))/∆t Lenz's Law of Electromagnetic Induction
26%
I=I_1+I_2 Kirchhoff's 1st Law
21%
ε=V_1+V_2 Kirchhoff's 2nd Law
21%
No matching quizzes found
Score Distribution
Percent of People with Each Score
Percentile by Number Answered
Your Score History
You have not taken this quiz